Phân tích và điều khiển ổn định hệ thống điện /

Guardat en:
Dades bibliogràfiques
Autor principal: Lã Văn Út
Format: Sách giấy
Idioma:Vietnamese
Publicat: Hà Nội : Khoa học và Kỹ thuật , 2000
Etiquetes: Afegir etiqueta
Sense etiquetes, Sigues el primer a etiquetar aquest registre!
Thư viện lưu trữ: Thư viện Trường Đại học Đà Lạt
LEADER 00628nam a2200253 4500
001 DLU020013671
005 ##6/19/2000
020 # # |a 978- 
041 # # |a vie 
082 # # |a 621.319  |b LA-U 
090 # # |a 621.319  |b LA-U 
100 # # |a Lã Văn Út 
245 # # |a Phân tích và điều khiển ổn định hệ thống điện /  |c Lã Văn Út 
260 # # |a Hà Nội :  |b Khoa học và Kỹ thuật ,  |c 2000 
300 # # |a 211 tr.;   |c 24 cm. 
992 # # |a 22000 
994 # # |a DLU 
900 # # |a False 
911 # # |a Administrator 
925 # # |a G 
926 # # |a A 
927 # # |a SH 
980 # # |a Thư viện Trường Đại học Đà Lạt